| 000 | 00424nam a22001217a 4500 | ||
|---|---|---|---|
| 082 | _a200 THE | ||
| 100 |
_aFAHAD SALEEM _969469 |
||
| 245 | _aTH-SOF-1552-IMPACT OF ACQUISITION ON EMPLOYEES ORGANIZATIONAL COMMITMENT, TURNOVER INTENTIONS AND INTERPERSONAL CONFLICTS | ||
| 260 |
_aISLAMABAD _bNUST COLLEGE OF EME _c2018 |
||
| 650 |
_aMS-EM-9 MSTHESIS _969389 |
||
| 700 |
_aADVISOR DR FAHEEM QAISAR JAMAL _969470 |
||
| 942 | _cCF | ||
| 999 |
_c576731 _d576731 |
||